000 05381nam a2200613 i 4500
001 33405
003 FINmELB
005 20241216220823.0
006 m o d |
007 cr cnu||||||||
008 210616s2020 ck abd gob 000 0 spa d
020 _z9789587634099
035 _a(OCoLC)1257034734
040 _aFINmELB
_bspa
_erda
_cFINmELB
050 4 _aHX73
_b.B846 2020
080 _a330.84
082 0 0 _a320.531
_223
245 0 0 _aBuenos vivires y transiciones :
_bla vida dulce, la vida bella, la vida querida, la vida sabrosa, la vida buena, la vida plenitud: convivir en armonía /
_cAura Isabel Mora, Atawallpa Oviedo Freire, Andrés Avella[y otros 8].
264 1 _aBogotá :
_bCorporación Universitaria Minuto de Dios. UNIMINUTO :
_bUniversidad Cooperativa de Colombia,
_c2020.
300 _a1 recurso en línea (281 páginas) :
_bilustraciones, mapas
336 _atexto
_btxt
_2rdacontent/spa
337 _acomputadora
_bc
_2rdamedia/spa
338 _arecurso en línea
_bcr
_2rdacarrier/spa
504 _aIncluye referencias bibliográficas.
505 0 _aPÁGINA LEGAL -- LISTA DE FIGURAS -- LISTA DE TABLAS -- ÍNDICE -- PRÓLOGO -- INTRODUCCIÓN -- CAPÍTULO 1. BUEN VIVIR, CONVIVIR EN ARMONÍA: PARADIGMA NO CAPITALISTA -- ¿EL BUEN VIVIR ES UN PARADIGMA? -- EL BUEN VIVIR: ¿PARADIGMA NO CAPITALISTA? -- EL PARADIGMA COMUNITARIO: CONVIVIR EN ARMONÍA -- LA CONFIGURACIÓN COMUNITARIA Y COMUNAL -- REFERENCIAS -- CAPÍTULO 2. EL DESMORONAMIENTO DE LA CREENCIA EN EL ESTADO: BUEN VIVIR Y (...) -- EL ESTADO: LA FORMA DEL CAPITAL -- DE HACER LA EMANCIPACIÓN -- ALGUNAS CLAVES DE FORMAS -- REFERENCIAS -- CAPÍTULO 3. CAMINANDO DE LA MANO DE OTROS BUENOS VIVIRES EN EL SURESTE (...) -- SOBRE LA PERSPECTIVA EPISTEMOLÓGICA, ESTÉTICA Y METODOLÓGICA -- BREVE (PERO NECESARIA) HISTORIA DE SAN CRISTÓBAL DE LAS CASAS -- CUATRO LECTURAS DE PRODUCCIÓN DE LA VIDA SOCIAL EN SAN CRISTÓBAL DE LAS CASAS (...) -- VIDA PLENA-DIGNA-JUSTA DESDE EL -- EL -- EL TIANGUIS AGROECOLÓGICO: COMIDA SANA Y CERCANA -- EL CAMBALACHE: NO SE TRATA DE ACUMULAR, SINO DE COMPARTIR -- OVENTIC: LA AUTONOMÍA COMO ONTOLOGÍA MESTIZA APLICADA -- ALGUNAS REFLEXIONES DERIVADAS DE LA EXISTENCIA DE ESTOS BUENOS VIVIRES EN EL (...) -- REFERENCIAS -- CAPÍTULO 4. MIRADAS COMUNITARIAS DEL SUMAQ KAWSAY EN EL ATHUN AYLLU AMARETE -- TERRITORIO -- VIDA COTIDIANA DE LOS AMARETEÑOS -- CONSERVACIÓN DE ALIMENTOS -- PLANTAS MEDICINALES -- LOS CICLOS DE PRODUCCIÓN -- ADORNOS Y ARTES -- MITOS -- EDUCACIÓN -- EL VIVIR BIEN DESDE LA SABIDURÍA DE LOS PUEBLOS INDÍGENAS -- CAPÍTULO 5. BUEN VIVIR: PRIMER PENSAMIENTO INTERAMERICANO -- CONSTITUCIONALIZACIÓN DEL BUEN VIVIR -- CUESTIONAMIENTOS AL BUEN VIVIR -- EL PLAN NACIONAL DEL BUEN VIVIR -- ¿EXISTE UN PENSAMIENTO LATINOAMERICANO? -- REFERENCIAS -- CAPÍTULO 6. REVITALIZACIÓN CULTURAL DESPUÉS DEL MACHAKUTIK PARA EL BUEN VIVIR (...) -- DESPERTAR DEL MACHAKUTIK COMO ESPERANZA DE LOS PUEBLOS Y NACIONALIDADES -- EL BUEN VIVIR DEL SER COMUNITARIO -- TRANSICIÓN, MODERNIDADES Y BUEN VIVIR DESDE LA COSMOVISIÓN INDÍGENA -- PERSPECTIVA DEL DIÁLOGO DE SABERES DE LOS PUEBLOS Y NACIONALIDADES INDÍGENAS -- REFERENCIAS -- CAPÍTULO 7. UN MARCO PARA PENSAR LAS TRANSICIONES A OTROS MUNDOS POSIBLES -- DEL POSTDESARROLLO A LA EMERGENCIA DEL MARCO DE LAS TRANSICIONES -- LA PERSPECTIVA DEL BUEN VIVIR -- LA POSTURA RADICAL DEL DECRECIMIENTO -- CONSIDERACIONES FINALES -- REFERENCIAS -- CAPÍTULO 8. LA VIDA DULCE Y LA COMUNICACIÓN CÓSMICA CO-CO -- LA COMUNICACIÓN CÓSMICA (CO-CO) -- MICROY MACROCOSMOS ESENCIAL Y COTIDIANO -- LA CONTEMPLACIÓN COMO ESTADO SACRO -- LA SINTONÍA CON EL UNIVERSO -- LA COMUNICACIÓN EN EL TIEMPO DE AIÓN -- REFERENCIAS -- CONCLUSIONES.
520 _aEste libro es un reconocimiento y un medio para visibilizar las tensiones y disputas alrededor del buen vivir. Se muestra desde el debate acerca del tema y al mismo tiempo se desarrolla mostrando sus potencialidades y nuevos rumbos alrededor de los movimientos sociales.
588 _aDescripción basada en metadatos suministrados por el editor y otras fuentes.
590 _aRecurso electrónico. Santa Fe, Arg.: elibro, 2021. Disponible vía World Wide Web. El acceso puede estar limitado para las bibliotecas afiliadas a elibro.
650 0 _aSocialism
_zLatin America.
650 0 _aQuality of life
_vCase studies.
650 0 _aSociology
_zLatin America.
650 0 _aCapitalism
_vCase studies.
650 4 _aSocialismo
_xInvestigaciones
_zAmérica Latina.
650 4 _aCalidad de vida
_xEstudio de casos
_zAmérica Latina.
650 4 _aSociología
_zAmérica Latina.
650 4 _aResponsabilidad del estado
_xInvestigaciones.
650 4 _aCapitalismo
_xEstudio de casos.
655 4 _aLibros electrónicos.
700 1 _aOviedo Freire, Atawallpa.
700 1 _aAvella, Andrés.
700 1 _aVega Sillo, Elisa.
700 1 _aCampuzano Rodríguez, Catalina.
700 1 _aSimbaña Pillajo, Fredy.
700 1 _aSánchez, Jorge Helberth.
700 1 _aPlaza Zuñiga, Jeannette.
700 1 _aGiraldo, Omar Felipe.
700 1 _aLora, Patricia.
700 1 _aSolano Salinas, Rigoberto.
797 2 _aelibro, Corp.
856 4 0 _uhttps://elibro.net/ereader/politecnicointernacional/149771
999 _c33405
_d33405